LDR 01039naa#a2200181#i#450# 001 RU\INFRA-M\bibl\118181 005 20260418183121.6 011 ## _a2305-7807 100 ## _a20260227b2026####ek#y0rusy0150####ca 102 ## _aRU 200 1# _aИССЛЕДОВАНИЕ ПРОЦЕССА НАЙМА ПЕРСОНАЛА В КРУПНОМ РЕГИОНАЛЬНОМ РИТЕЙЛЕ «СИМА-ЛЕНД» _eЖурнальная статья 210 1# _aМосква _cОбщество с ограниченной ответственностью «Научно-издательский центр ИНФРА-М» _d2026 215 ## _a3 с. 608 ## _aЖурнальная статья _2local 675 ## _aТеория и организация труда. Взаимоотношения между предприятием и персоналом, между работодателями и работающими, между трудом и капиталом. 331.1 _z 700 #1 _aЛысенко _gЕ. В. 700 #1 _aКоробова _gА. А. 856 4# _anaukaru.ru _u